Circuitos integrados monolíticos
Guardado en:
| Hovedforfatter: | |
|---|---|
| Andre forfattere: | |
| Format: | Bog |
| Sprog: | Spanish |
| Udgivet: |
Buenos, Argentina : Editorial Kapelusz,
1971
|
| Serier: | Circuitos T
|
| Fag: | |
| Tags: |
Tilføj Tag
Ingen Tags, Vær først til at tagge denne postø!
|
MARC
| LEADER | 00000nam a2200000Ia 4500 | ||
|---|---|---|---|
| 003 | 002319 | ||
| 005 | 20221231144000.0 | ||
| 008 | 140114s1971 ag a 000 ||spa d | ||
| 040 | |c cru CEDI | ||
| 082 | |a 621.381.536.4 H241c | ||
| 100 | |9 21437 |a Hanke, Gerd | ||
| 245 | |a Circuitos integrados monolíticos | ||
| 260 | |a Buenos, Argentina : Editorial Kapelusz, |c 1971 | ||
| 300 | |a 79 páginas :ilustraciones | ||
| 440 | |a Circuitos T |n 10 |9 21435 | ||
| 500 | |a Título original en Aleman ; Experimente mit integrierten monolisthischen schaltungen | ||
| 650 | |x CIRCUITOS INTEGRADOS MONOLITICOS |9 21436 | ||
| 700 | |9 21442 |a Mitchell, Patricio |d Traductor/a | ||
| 942 | |2 ddc |c BK | ||
| 999 | |c 15158 |d 15158 | ||
